000 00582nam a2200181Ia 4500
008 151202s9999||||xx |||||||||||||| ||und||
082 _bPNVM-41572
100 _aघनवटकर सुाीर.
245 _aउगवती पूर्व.
260 _b"दिपाली प्रकाशन,कल्याण."
260 _c1993
300 _a98
600 _aघनवटकर सुाीर.
630 _aउगवती पूर्व.
700 _aघनवटकर सुाीर.
730 _aउगवती पूर्व.
942 _cBOOK
999 _c1307524
_d1307521